000
00297nam a2200121Ia 4500
008
191201s2005 xx 000 0 und d
100
_a
MADAN,Sushila
245
0
_a
Management Information and Control Systems
260
_a
N. Delhi
_b
Taxmann
_c
2005
300
_a
716
650
_a
MBA
942
_2
ddc
_c
BK
999
_c
161
_d
161